[Event "I Torneo Internacional Campus de Orense"]
[Site "Ourense"]
[Date "2014.07.07"]
[Round "1"]
[Board "1"]
[White "Strikovic, Aleksa"]
[Black "Dominguez Fernandez, Angel I"]
[Result "1-0"]
[WhiteElo "2542"]
[BlackElo "1914"]
[PlyCount "91"]
[EventDate "2014.07.07"]
[EventRounds "9"]
[EventCountry "ESP"]

1. c4 e6 2. Nf3 Nf6 3. g3 d5 4. Bg2 Be7 5. O-O O-O 6. b3 b6 7. Bb2 Bb7 8. e3
Nbd7 9. Qe2 c5 10. Nc3 Ne4 11. cxd5 Nxc3 12. dxc3 exd5 13. Rfd1 Qc7 14. Nd2 Nf6
15. c4 dxc4 16. bxc4 Bxg2 17. Kxg2 Rfd8 18. e4 Qc6 19. f3 a6 20. Nf1 b5 21. Ne3
bxc4 22. Qxc4 Qb5 23. Qc2 Rxd1 24. Rxd1 Rd8 25. a4 Qb6 26. Bxf6 Bxf6 27. Nd5
Qd6 28. Nxf6+ Qxf6 29. e5 Qb6 30. Qxc5 Qb2+ 31. Kh3 Re8 32. Qe7 Qb8 33. Qd6
Qc8+ 34. Qd7 h5 35. Qxc8 Rxc8 36. Kh4 g6 37. Rd6 Rc5 38. f4 a5 39. e6 fxe6 40.
Rxe6 Kf7 41. Re5 Rc2 42. h3 Kf6 43. Rxa5 Rc4 44. Ra8 g5+ 45. Kxh5 gxf4 46. Rf8+
 1-0

[Event "I Torneo Internacional Campus de Orense"]
[Site "Ourense"]
[Date "2014.07.07"]
[Round "1"]
[Board "2"]
[White "Arias Pineiro, Alejandro"]
[Black "Paunovic, Dragan"]
[Result "0-1"]
[WhiteElo "1888"]
[BlackElo "2478"]
[PlyCount "52"]
[EventDate "2014.07.07"]
[EventRounds "9"]
[EventCountry "ESP"]

1. e4 c5 2. Nc3 e6 3. g3 Nc6 4. Bg2 Nf6 5. d3 Be7 6. Nge2 a6 7. O-O O-O 8. f4
d5 9. e5 Nd7 10. h3 b5 11. Be3 Bb7 12. Bf2 b4 13. Nb1 a5 14. Nd2 a4 15. c4 bxc3
16. bxc3 Qc7 17. Rb1 Ba6 18. Qc2 a3 19. Rb3 c4 20. dxc4 Na5 21. Rbb1 Nxc4 22.
Nxc4 Bxc4 23. Rfc1 Nc5 24. Bd4 Bd3 25. Qd2 Bxb1 26. Rxb1 Rab8 0-1

[Event "I Torneo Internacional Campus de Orense"]
[Site "Ourense"]
[Date "2014.07.07"]
[Round "1"]
[Board "3"]
[White "Manolache, Marius"]
[Black "Blazquez Criado, Sergio"]
[Result "1-0"]
[WhiteElo "2478"]
[BlackElo "1884"]
[PlyCount "61"]
[EventDate "2014.07.07"]
[EventRounds "9"]
[EventCountry "ESP"]

1. d4 Nf6 2. Bg5 b5 3. Qd3 a6 4. a4 b4 5. Nd2 Bb7 6. Ngf3 e6 7. e4 Be7 8. g3 h6
9. Bxf6 Bxf6 10. Bg2 c5 11. e5 Be7 12. dxc5 Bxc5 13. Ne4 Bxe4 14. Qxe4 Ra7 15.
Rd1 Qb6 16. O-O d5 17. exd6 Bxd6 18. a5 Qc5 19. Nd4 Be5 20. Nxe6 fxe6 21. Rd5
Qxd5 22. Qg6+ Rf7 23. Bxd5 exd5 24. Qe6+ Re7 25. Qc8+ Kf7 26. Qxh8 Re8 27. Qh7
Bxb2 28. Qf5+ Bf6 29. Qxd5+ Kf8 30. Rd1 Rc8 31. Qb7 1-0

[Event "I Torneo Internacional Campus de Orense"]
[Site "Ourense"]
[Date "2014.07.07"]
[Round "1"]
[Board "4"]
[White "Vazquez Dorrio, Angel Manuel"]
[Black "Starostits, Ilmars"]
[Result "0-1"]
[WhiteElo "1829"]
[BlackElo "2475"]
[PlyCount "82"]
[EventDate "2014.07.07"]
[EventRounds "9"]
[EventCountry "ESP"]

1. d4 d5 2. Nf3 Nc6 3. c4 Bg4 4. e3 e6 5. Bd3 Nb4 6. Be2 dxc4 7. Nc3 Bxf3 8.
Bxf3 Nd3+ 9. Kf1 c6 10. b3 Nxc1 11. Rxc1 cxb3 12. Qxb3 Qb6 13. Qc2 Bd6 14. Ne4
Rd8 15. Rb1 Qc7 16. Nxd6+ Rxd6 17. g3 Ne7 18. Kg2 O-O 19. Rbc1 Nd5 20. Qc5 b6
21. Qa3 f5 22. Rc4 g5 23. h3 Qd7 24. Re1 Rf7 25. Rc2 f4 26. e4 Ne7 27. e5 Rxd4
28. Rxc6 Nd5 29. Rd6 Qb5 30. g4 Rd3 31. Qc1 Ne7 32. Rd8+ Kg7 33. a4 Qb3 34.
Rxd3 Qxd3 35. Rd1 Qb3 36. Rd7 Ng6 37. Rxf7+ Kxf7 38. Qc7+ Kg8 39. Qb8+ Kg7 40.
Qxa7+ Kh6 41. Qb7 Nh4+ 0-1

[Event "I Torneo Internacional Campus de Orense"]
[Site "Ourense"]
[Date "2014.07.07"]
[Round "1"]
[Board "5"]
[White "Martinez Duany, Lelys Stanley"]
[Black "Meira Iglesias, Alejandro"]
[Result "1-0"]
[WhiteElo "2469"]
[BlackElo "1828"]
[PlyCount "32"]
[EventDate "2014.07.07"]
[EventRounds "9"]
[EventCountry "ESP"]

1. d4 f5 2. g3 g6 3. h4 Nf6 4. h5 Bg7 5. hxg6 hxg6 6. Rxh8+ Bxh8 7. Nf3 d6 8.
Qd2 Bg7 9. Qg5 Kf7 10. Nh4 c5 11. Qxg6+ Kg8 12. dxc5 Nc6 13. Bh6 Ne8 14. Nf3
Qa5+ 15. Nc3 Bd7 16. Ng5 Ne5 1-0

[Event "I Torneo Internacional Campus de Orense"]
[Site "Ourense"]
[Date "2014.07.07"]
[Round "1"]
[Board "6"]
[White "Fernandez Andrade, Antonio"]
[Black "Larino Nieto, David"]
[Result "0-1"]
[WhiteElo "1819"]
[BlackElo "2459"]
[PlyCount "46"]
[EventDate "2014.07.07"]
[EventRounds "9"]
[EventCountry "ESP"]

1. d4 d5 2. c4 e6 3. Nc3 c5 4. Nf3 Nc6 5. g3 dxc4 6. dxc5 Qxd1+ 7. Nxd1 Bxc5 8.
a3 Nf6 9. Be3 Be7 10. Bg2 Nd5 11. O-O Bf6 12. Bc5 b6 13. Bd6 Kd7 14. Bf4 Nxf4
15. gxf4 Ba6 16. Ne5+ Bxe5 17. fxe5 Rac8 18. Nc3 Nxe5 19. f4 Ng4 20. f5 Ke7 21.
fxe6 fxe6 22. Rf4 Nf6 23. e4 Rhf8 0-1

[Event "I Torneo Internacional Campus de Orense"]
[Site "Ourense"]
[Date "2014.07.07"]
[Round "1"]
[Board "7"]
[White "Galego, Luis"]
[Black "Rodriguez Dominguez, Miguel I"]
[Result "1-0"]
[WhiteElo "2457"]
[BlackElo "1785"]
[PlyCount "95"]
[EventDate "2014.07.07"]
[EventRounds "9"]
[EventCountry "ESP"]

1. e4 c5 2. Nf3 e6 3. c3 Nf6 4. e5 Nd5 5. d4 cxd4 6. Qxd4 Nc6 7. Qe4 f5 8. exf6
Nxf6 9. Qc2 d5 10. Bg5 e5 11. Bb5 Bd6 12. Nbd2 O-O 13. Qb3 Be6 14. Bh4 Qe8 15.
Bg3 Nd7 16. Ng5 Nc5 17. Qd1 a6 18. Be2 Qe7 19. Nxe6 Qxe6 20. O-O Rae8 21. b4
Nd7 22. c4 Kh8 23. Bg4 Qe7 24. cxd5 Nxb4 25. Ne4 Nb6 26. Be6 a5 27. a3 Na6 28.
Rb1 Nc4 29. Qb3 Nxa3 30. Qxb7 Nc5 31. Qxe7 Bxe7 32. Nxc5 Nxb1 33. Nd7 Nd2 34.
Rd1 Ne4 35. Nxf8 Nxg3 36. Nd7 Ne2+ 37. Kf1 Nc3 38. Rd3 Bb4 39. Nxe5 a4 40. Nf7+
Kg8 41. Nd6+ Kf8 42. Nxe8 Kxe8 43. d6 a3 44. Rd2 Ne4 45. Rd4 Nd2+ 46. Ke2 Bc3
47. Rxd2 Bxd2 48. Kxd2 1-0

[Event "I Torneo Internacional Campus de Orense"]
[Site "Ourense"]
[Date "2014.07.07"]
[Round "1"]
[Board "8"]
[White "Fernandez Lopez, Alejandro "]
[Black "Hoffman, Alejandro"]
[Result "0-1"]
[WhiteElo "1511"]
[BlackElo "2450"]
[PlyCount "36"]
[EventDate "2014.07.07"]
[EventRounds "9"]
[EventCountry "ESP"]

1. Nf3 c5 2. g3 Nc6 3. Bg2 d5 4. O-O e5 5. c4 d4 6. d3 Bd6 7. Nbd2 f5 8. a3 a5
9. b3 Nf6 10. Qc2 O-O 11. e3 h6 12. exd4 exd4 13. Re1 Qc7 14. Nb1 Bd7 15. Bd2
f4 16. a4 Ng4 17. Na3 fxg3 18. fxg3 Bxg3 0-1

[Event "I Torneo Internacional Campus de Orense"]
[Site "Ourense"]
[Date "2014.07.07"]
[Round "1"]
[Board "9"]
[White "Santos Latasa, Jaime"]
[Black "Carrero Casas, Carlos David"]
[Result "1-0"]
[WhiteElo "2449"]
[BlackElo "1775"]
[PlyCount "49"]
[EventDate "2014.07.07"]
[EventRounds "9"]
[EventCountry "ESP"]

1. d4 e6 2. Nf3 d5 3. c4 dxc4 4. e3 Bb4+ 5. Bd2 Bxd2+ 6. Nbxd2 Nf6 7. Bxc4 c6
8. O-O Nbd7 9. e4 b5 10. Bb3 O-O 11. Rc1 Bb7 12. e5 Nd5 13. Ne4 Ne7 14. Nd6 Qb6
15. Ng5 Nd5 16. Qd3 g6 17. Bxd5 exd5 18. Qh3 Nf6 19. exf6 h5 20. Ndxf7 Rxf7 21.
Nxf7 Kxf7 22. Qd7+ Kxf6 23. Rfe1 Kg5 24. h4+ Kxh4 25. Re5 1-0

[Event "I Torneo Internacional Campus de Orense"]
[Site "Ourense"]
[Date "2014.07.07"]
[Round "1"]
[Board "10"]
[White "Bello Filgueira, Joaquin Anton"]
[Black "Vassallo Barroche, Mauricio"]
[Result "0-1"]
[WhiteElo "1774"]
[BlackElo "2404"]
[PlyCount "96"]
[EventDate "2014.07.07"]
[EventRounds "9"]
[EventCountry "ESP"]

1. e4 g6 2. d4 Bg7 3. Nc3 d6 4. Bc4 e6 5. Nf3 a6 6. a4 b6 7. O-O Ne7 8. Re1 h6
9. Be3 Bb7 10. Bd3 Nd7 11. Qd2 Kf8 12. Qe2 c5 13. Rad1 Qc7 14. Bc4 Kg8 15. d5
e5 16. Nh4 Kh7 17. b3 Rhf8 18. g4 Qd8 19. g5 Ng8 20. Nf3 Bc8 21. h4 Nb8 22. Nh2
f6 23. gxh6 Bxh6 24. Qf3 Ra7 25. Bxh6 Nxh6 26. Bd3 Rg7 27. Kh1 g5 28. Rg1 Rfg8
29. hxg5 fxg5 30. Rg3 g4 31. Qe3 Qh4 32. Kg2 Rg5 33. Rh1 Rh5 34. Ne2 Nd7 35.
Kf1 Nf8 36. Ke1 Ng6 37. Rgg1 Qf6 38. Nxg4 Bxg4 39. Rxh5 Bxh5 40. Rh1 Qf3 41.
Rxh5 Qxh5 42. Ng3 Qh4 43. Nf5 Qh1+ 44. Kd2 Nf4 45. Bxa6 Rg6 46. Nxh6 Rxh6 47.
Bc8 Qg1 48. Bf5+ Kg7 0-1

[Event "I Torneo Internacional Campus de Orense"]
[Site "Ourense"]
[Date "2014.07.08"]
[Round "2"]
[Board "1"]
[White "Forgas Moreno, Yaniela"]
[Black "Strikovic, Aleksa"]
[Result "1/2-1/2"]
[WhiteElo "2194"]
[BlackElo "2542"]
[PlyCount "64"]
[EventDate "2014.07.07"]
[EventRounds "9"]
[EventCountry "ESP"]

1. e4 c5 2. Nf3 e6 3. d4 cxd4 4. Nxd4 a6 5. Bd3 Nf6 6. O-O d6 7. Nc3 g6 8. Be3
Bg7 9. Kh1 O-O 10. f4 Nbd7 11. Qe1 Qe7 12. Rd1 b6 13. Nc6 Qe8 14. e5 dxe5 15.
fxe5 Ng4 16. Bf4 Bb7 17. h3 Nc5 18. Nd4 Nxd3 19. Rxd3 Nh6 20. Qe3 Nf5 21. Nxf5
exf5 22. Qxb6 Rb8 23. Qc7 Be4 24. Nxe4 fxe4 25. Rb3 Rc8 26. Qb7 Bxe5 27. Qxe4
Bxf4 28. Rxf4 Qxe4 29. Rxe4 Rxc2 30. Reb4 Kg7 31. Rb8 Rxb8 32. Rxb8 h5 1/2-1/2

[Event "I Torneo Internacional Campus de Orense"]
[Site "Ourense"]
[Date "2014.07.08"]
[Round "2"]
[Board "2"]
[White "Paunovic, Dragan"]
[Black "Medarde Santiago, Luis Marcos"]
[Result "1-0"]
[WhiteElo "2478"]
[BlackElo "2160"]
[PlyCount "79"]
[EventDate "2014.07.07"]
[EventRounds "9"]
[EventCountry "ESP"]

1. c4 e5 2. g3 Nf6 3. Bg2 c6 4. d3 d5 5. cxd5 cxd5 6. Nf3 Nc6 7. O-O Bd6 8. Bg5
Be6 9. Nc3 O-O 10. Bxf6 Qxf6 11. Nd2 d4 12. Nce4 Qd8 13. Qa4 Be7 14. Rfc1 Qb6
15. Nb3 Rfc8 16. Nec5 Bxb3 17. Nxb3 Rc7 18. Bxc6 Rxc6 19. Rxc6 Qxc6 20. Qxc6
bxc6 21. Rc1 Rc8 22. Na5 c5 23. b4 f6 24. b5 Ra8 25. Rc4 a6 26. b6 Bd6 27. Nb7
Be7 28. Nxc5 Bxc5 29. Rxc5 Rb8 30. Rc6 Kf8 31. a4 a5 32. f4 exf4 33. gxf4 Ke7
34. Kf2 f5 35. Rc7+ Kd6 36. Rxg7 Rxb6 37. Ra7 Rb1 38. Rxa5 Rh1 39. Kg2 Re1 40.
Re5 1-0

[Event "I Torneo Internacional Campus de Orense"]
[Site "Ourense"]
[Date "2014.07.08"]
[Round "2"]
[Board "3"]
[White "Lopez De Turiso, Jose Angel"]
[Black "Manolache, Marius"]
[Result "0-1"]
[WhiteElo "2165"]
[BlackElo "2478"]
[PlyCount "70"]
[EventDate "2014.07.07"]
[EventRounds "9"]
[EventCountry "ESP"]

1. d4 Nf6 2. Nf3 g6 3. Bf4 d6 4. Nbd2 Nh5 5. Bg5 Bg7 6. c3 O-O 7. e4 h6 8. Bh4
Qe8 9. Qb3 Nd7 10. g4 Nf4 11. Bg3 e5 12. Bxf4 exf4 13. Bd3 Nb6 14. h3 Be6 15.
Qc2 c5 16. dxc5 dxc5 17. O-O-O Rd8 18. e5 Bxa2 19. b3 Bxb3 20. Nxb3 c4 21. Bxg6
cxb3 22. Qxb3 Rc8 23. Rd4 Qc6 24. Be4 Qxc3+ 25. Qxc3 Rxc3+ 26. Kd2 Rc7 27. Bd3
Nd7 28. Re1 Nc5 29. Bc2 Rfc8 30. Bd1 Ne6 31. Ra4 b5 32. Ra5 Rb8 33. Re4 b4 34.
Ra4 Bf8 35. Bc2 Rd8+ 0-1

[Event "I Torneo Internacional Campus de Orense"]
[Site "Ourense"]
[Date "2014.07.08"]
[Round "2"]
[Board "4"]
[White "Starostits, Ilmars"]
[Black "Varasa Paredes, Javier"]
[Result "1-0"]
[WhiteElo "2475"]
[BlackElo "2138"]
[PlyCount "49"]
[EventDate "2014.07.07"]
[EventRounds "9"]
[EventCountry "ESP"]

1. e4 d5 2. exd5 Nf6 3. Bb5+ Bd7 4. Be2 Nxd5 5. d4 Bf5 6. Nf3 e6 7. a3 Bd6 8.
c4 Nf4 9. Bf1 c6 10. Nc3 Nd7 11. g3 Ng6 12. Bg2 Nf6 13. O-O h5 14. Bg5 h4 15.
Re1 hxg3 16. hxg3 Qc7 17. d5 O-O-O 18. Qd4 b6 19. b4 exd5 20. cxd5 Bxg3 21.
fxg3 Qxg3 22. Ne2 Qc7 23. Nf4 Rd7 24. Nxg6 Rxd5 25. Ne7+ 1-0

[Event "I Torneo Internacional Campus de Orense"]
[Site "Ourense"]
[Date "2014.07.08"]
[Round "2"]
[Board "5"]
[White "Lorenzo Duran, Marcos"]
[Black "Martinez Duany, Lelys Stanley"]
[Result "0-1"]
[WhiteElo "2149"]
[BlackElo "2469"]
[PlyCount "92"]
[EventDate "2014.07.07"]
[EventRounds "9"]
[EventCountry "ESP"]

1. d4 Nf6 2. Nf3 e6 3. c4 b6 4. g3 Ba6 5. b3 Bb4+ 6. Bd2 Be7 7. Nc3 d5 8. Bg2
c6 9. cxd5 cxd5 10. Ne5 O-O 11. O-O Nfd7 12. Nf3 Nc6 13. Re1 Rc8 14. e4 dxe4
15. Nxe4 Nb4 16. Bxb4 Bxb4 17. Re3 Nf6 18. Nxf6+ Qxf6 19. Ne5 Bc3 20. Rxc3 Rxc3
21. Nd7 Qd8 22. Nxf8 Kxf8 23. d5 exd5 24. Qxd5 Qxd5 25. Bxd5 Rd3 26. Be4 Rd2
27. a4 Bc8 28. a5 Be6 29. axb6 axb6 30. Rb1 Ke7 31. Kg2 h5 32. b4 g5 33. h4 g4
34. Rc1 Rd4 35. Re1 Rxb4 36. Bd5 Rb5 37. Bxe6 fxe6 38. f4 Rd5 39. Re2 b5 40.
Rb2 e5 41. Kf2 Ke6 42. Ke3 Kf5 43. Rc2 b4 44. Rb2 exf4+ 45. gxf4 Rb5 46. Rb3
Rb8 0-1

[Event "I Torneo Internacional Campus de Orense"]
[Site "Ourense"]
[Date "2014.07.08"]
[Round "2"]
[Board "6"]
[White "Larino Nieto, David"]
[Black "Costa, Paulo"]
[Result "1-0"]
[WhiteElo "2459"]
[BlackElo "2125"]
[PlyCount "51"]
[EventDate "2014.07.07"]
[EventRounds "9"]
[EventCountry "ESP"]

1. e4 c5 2. Nf3 g6 3. h4 h5 4. d4 cxd4 5. Qxd4 Nf6 6. e5 Nc6 7. Qa4 Nd5 8. Qb3
e6 9. Bg5 Be7 10. c4 Ndb4 11. Nc3 Qa5 12. Bxe7 Kxe7 13. O-O-O Na6 14. Nb5 Nc5
15. Qe3 b6 16. a3 Qa4 17. Qg5+ Kf8 18. Qf6 Rh7 19. Ng5 Rg7 20. Nd6 Ba6 21. g4
Nb4 22. axb4 Qa1+ 23. Kc2 Qa4+ 24. Kd2 Qxb4+ 25. Ke3 Qb3+ 26. Bd3 1-0

[Event "I Torneo Internacional Campus de Orense"]
[Site "Ourense"]
[Date "2014.07.08"]
[Round "2"]
[Board "7"]
[White "Pereira, Antonio Pedro Caramez"]
[Black "Galego, Luis"]
[Result "0-1"]
[WhiteElo "2132"]
[BlackElo "2457"]
[PlyCount "89"]
[EventDate "2014.07.07"]
[EventRounds "9"]
[EventCountry "ESP"]

1. d4 Nf6 2. c4 e6 3. Nc3 Bb4 4. Qc2 c5 5. dxc5 Qa5 6. Bd2 Na6 7. a3 Nxc5 8.
Rd1 Bxc3 9. Bxc3 Qa4 10. Qxa4 Nxa4 11. Be5 b6 12. f3 Nc5 13. e4 Nb7 14. Bc3 d6
15. e5 dxe5 16. Bxe5 Bd7 17. Bd3 Ba4 18. Rc1 Rd8 19. Bc2 Bxc2 20. Rxc2 Nc5 21.
Ke2 Nfd7 22. Bc3 Nb3 23. Ke3 f6 24. Ne2 Rc8 25. Nc1 Nxc1 26. Rhxc1 e5 27. b4
Ke7 28. Bb2 Rhd8 29. g3 Rc6 30. Ba1 Rdc8 31. Kd3 Nf8 32. c5 bxc5 33. Rxc5 Rxc5
34. Rxc5 Rxc5 35. bxc5 Kd7 36. Kc4 Kc6 37. Bc3 Ne6 38. Bd2 Nd4 39. f4 Nf3 40.
Be3 Nxh2 41. fxe5 fxe5 42. Kd3 Ng4 43. Bg1 Nf6 44. Kc4 h5 45. Bf2 0-1

[Event "I Torneo Internacional Campus de Orense"]
[Site "Ourense"]
[Date "2014.07.08"]
[Round "2"]
[Board "8"]
[White "Hoffman, Alejandro"]
[Black "Blanco Sanchez, Jose Fernando"]
[Result "1-0"]
[WhiteElo "2450"]
[BlackElo "2054"]
[PlyCount "81"]
[EventDate "2014.07.07"]
[EventRounds "9"]
[EventCountry "ESP"]

1. d4 Nf6 2. Nf3 d6 3. c4 Nbd7 4. Nc3 e5 5. e4 Be7 6. Be2 O-O 7. O-O c6 8. Re1
h6 9. Rb1 Nh7 10. d5 c5 11. a3 Ng5 12. Nd2 g6 13. h4 Nh7 14. Nf3 Kg7 15. Qd2
Rh8 16. Qxh6+ Kg8 17. Qe3 Bxh4 18. g3 Be7 19. Kg2 Ndf6 20. Rh1 Ng5 21. Qd3 Ng4
22. Rxh8+ Kxh8 23. Bxg5 Bxg5 24. Rh1+ Kg7 25. Nxg5 Qxg5 26. Nb5 Qe7 27. Qd2 g5
28. Bxg4 Bxg4 29. f3 a6 30. Nxd6 f6 31. Nxb7 Qxb7 32. fxg4 Rb8 33. b4 Qd7 34.
Kf3 Qa4 35. Qe3 Kg6 36. Rb1 Qc2 37. Qb3 Qd2 38. Rd1 Qh2 39. d6 Rh8 40. Qe3 Rh3
41. Qf2 1-0

[Event "I Torneo Internacional Campus de Orense"]
[Site "Ourense"]
[Date "2014.07.08"]
[Round "2"]
[Board "9"]
[White "Fernandez Saavedra, Jose Luis"]
[Black "Santos Latasa, Jaime"]
[Result "1/2-1/2"]
[WhiteElo "2121"]
[BlackElo "2449"]
[PlyCount "83"]
[EventDate "2014.07.07"]
[EventRounds "9"]
[EventCountry "ESP"]

1. Nf3 d5 2. d4 Nf6 3. c4 e6 4. g3 dxc4 5. Bg2 a6 6. O-O b5 7. a4 Bb7 8. axb5
axb5 9. Rxa8 Bxa8 10. Nc3 c6 11. e4 Be7 12. Ne5 Nbd7 13. Bf4 O-O 14. Re1 Nxe5
15. Bxe5 Re8 16. h4 Bf8 17. h5 Nd7 18. Bf4 e5 19. dxe5 Qe7 20. Qd6 Nxe5 21.
Qxe7 Rxe7 22. Ra1 Bb7 23. Bxe5 Rxe5 24. Ra7 Re7 25. e5 Rd7 26. Ne4 Bc8 27. Ra8
Rc7 28. Nd6 Be6 29. Ne8 Rc8 30. Rxc8 Bxc8 31. Bxc6 b4 32. Nd6 c3 33. bxc3 bxc3
34. Be4 Bxd6 35. exd6 f5 36. Bc2 Kf7 37. Kf1 Ke6 38. Ke2 Kxd6 39. Kd3 Ke5 40.
f4+ Kf6 41. Kxc3 Bb7 42. Bd1 1/2-1/2

[Event "I Torneo Internacional Campus de Orense"]
[Site "Ourense"]
[Date "2014.07.08"]
[Round "2"]
[Board "10"]
[White "Vassallo Barroche, Mauricio"]
[Black "De Leon Justo, Alejandro"]
[Result "1-0"]
[WhiteElo "2404"]
[BlackElo "2031"]
[PlyCount "69"]
[EventDate "2014.07.07"]
[EventRounds "9"]
[EventCountry "ESP"]

1. d4 Nf6 2. Nf3 e6 3. g3 b5 4. Qd3 a6 5. e4 Bb7 6. Nbd2 c5 7. Bg2 cxd4 8. Nxd4
Be7 9. O-O O-O 10. a4 b4 11. e5 Nd5 12. N2f3 Nc6 13. Nf5 Qc7 14. Nxe7+ Ncxe7
15. Bd2 Rfc8 16. Rac1 a5 17. Rfe1 Ng6 18. h4 h6 19. h5 Nge7 20. Nh4 Ba6 21. Qf3
Rab8 22. Re4 Rf8 23. Qd1 Bb7 24. Bxh6 gxh6 25. Rg4+ Kh8 26. Qd2 Ng8 27. Re1
Nde7 28. Bxb7 Qxb7 29. Re3 f5 30. Rd4 Rbd8 31. Red3 Qc7 32. Rxd7 Rxd7 33. Rxd7
Qxe5 34. Ng6+ Nxg6 35. hxg6 1-0

[Event "I Torneo Internacional Campus de Orense"]
[Site "Ourense"]
[Date "2014.07.08"]
[Round "3"]
[Board "1"]
[White "Vassallo Barroche, Mauricio"]
[Black "Paunovic, Dragan"]
[Result "1/2-1/2"]
[WhiteElo "2404"]
[BlackElo "2478"]
[PlyCount "20"]
[EventDate "2014.07.07"]
[EventRounds "9"]
[EventCountry "ESP"]

1. d4 d6 2. e4 Nf6 3. Nc3 e5 4. dxe5 dxe5 5. Qxd8+ Kxd8 6. Bc4 Ke8 7. f3 c6 8.
Be3 Nbd7 9. O-O-O Bc5 10. Bxc5 Nxc5 1/2-1/2

[Event "I Torneo Internacional Campus de Orense"]
[Site "Ourense"]
[Date "2014.07.08"]
[Round "3"]
[Board "2"]
[White "Manolache, Marius"]
[Black "Guerra Bastida, Diego"]
[Result "1-0"]
[WhiteElo "2478"]
[BlackElo "2378"]
[PlyCount "77"]
[EventDate "2014.07.07"]
[EventRounds "9"]
[EventCountry "ESP"]

1. d4 Nf6 2. c4 c5 3. d5 d6 4. Nc3 g6 5. e4 Bg7 6. Be2 O-O 7. Nf3 e6 8. O-O
exd5 9. cxd5 Re8 10. Nd2 b6 11. Re1 Ba6 12. Bxa6 Nxa6 13. Nc4 b5 14. Nxb5 Rxe4
15. Rxe4 Nxe4 16. Bf4 Rb8 17. a4 Nb4 18. Qf3 f5 19. Rd1 Nc2 20. Nbxd6 Nd4 21.
Qe3 Rb3 22. Qe1 Rb4 23. h3 Nc2 24. Qe2 Nd4 25. Qe3 Nc2 26. Qd3 Nd4 27. Re1 Rb3
28. Qd1 Qh4 29. Nxe4 Qxf4 30. Nxc5 Rxh3 31. gxh3 Nf3+ 32. Kg2 Nh4+ 33. Kg1 Qxc4
34. Qd3 Qxc5 35. d6 Bd4 36. d7 Qd5 37. Qb3 Qxb3 38. d8=Q+ Kf7 39. Qxd4 1-0

[Event "I Torneo Internacional Campus de Orense"]
[Site "Ourense"]
[Date "2014.07.08"]
[Round "3"]
[Board "4"]
[White "Martinez Duany, Lelys Stanley"]
[Black "Ivanov, Jordan"]
[Result "1-0"]
[WhiteElo "2469"]
[BlackElo "2355"]
[PlyCount "65"]
[EventDate "2014.07.07"]
[EventRounds "9"]
[EventCountry "ESP"]

1. d4 d5 2. Nf3 Nf6 3. c4 dxc4 4. e3 e6 5. Bxc4 c5 6. O-O a6 7. a4 Nc6 8. Nc3
cxd4 9. exd4 Be7 10. Re1 O-O 11. Bg5 h6 12. Bh4 Nh5 13. Bg3 Nxg3 14. hxg3 Bf6
15. d5 exd5 16. Nxd5 Bxb2 17. Ra2 Bf6 18. Rd2 Be6 19. Rxe6 fxe6 20. Nf4 Qe8 21.
Bxe6+ Kh8 22. Qb1 Ne7 23. Bd7 Qf7 24. Re2 g5 25. Rxe7 Bxe7 26. Ne5 Qf6 27.
Neg6+ Kg8 28. Be6+ Rf7 29. Nxe7+ Qxe7 30. Qg6+ Kf8 31. Nd5 Qxe6 32. Qxe6 Kg7
33. Ne7 1-0

[Event "I Torneo Internacional Campus de Orense"]
[Site "Ourense"]
[Date "2014.07.08"]
[Round "3"]
[Board "5"]
[White "Garcia Castro, Pablo"]
[Black "Larino Nieto, David"]
[Result "1-0"]
[WhiteElo "2357"]
[BlackElo "2459"]
[PlyCount "87"]
[EventDate "2014.07.07"]
[EventRounds "9"]
[EventCountry "ESP"]

1. Nf3 g6 2. g3 Bg7 3. Bg2 e5 4. e4 Nc6 5. d3 Nge7 6. Nc3 d5 7. O-O d4 8. Nd5
Nxd5 9. exd5 Ne7 10. c3 dxc3 11. bxc3 Nxd5 12. Ba3 Nxc3 13. Qb3 Qxd3 14. Rfe1
Be6 15. Qxb7 Rd8 16. Re3 Qb5 17. Nxe5 Qxb7 18. Bxb7 Rd2 19. Bb4 Ne2+ 20. Kf1
Rb2 21. Bc6+ Kd8 22. Rd1+ Kc8 23. a3 Bf6 24. Bb5 Bh3+ 25. Ke1 Ng1 26. Ba6+ Kb8
27. Nd7+ Bxd7 28. Rxd7 g5 29. g4 h5 30. gxh5 g4 31. Rxf7 Bd4 32. Ree7 Bb6 33.
h6 Nf3+ 34. Kd1 Rxf2 35. h7 Rxh2 36. Rg7 Rd8+ 37. Rd7 Rxd7+ 38. Rxd7 c5 39.
Rb7+ Kc8 40. h8=Q+ Rxh8 41. Rh7+ Kd8 42. Rxh8+ Ke7 43. Bc3 Ng5 44. Bb7 1-0

[Event "I Torneo Internacional Campus de Orense"]
[Site "Ourense"]
[Date "2014.07.08"]
[Round "3"]
[Board "6"]
[White "Galego, Luis"]
[Black "Rodriguez Lopez, Rafael"]
[Result "1-0"]
[WhiteElo "2457"]
[BlackElo "2259"]
[PlyCount "97"]
[EventDate "2014.07.07"]
[EventRounds "9"]
[EventCountry "ESP"]

1. e4 c5 2. Nf3 d6 3. Nc3 Nf6 4. g3 Nc6 5. Bg2 a6 6. O-O e6 7. d4 cxd4 8. Nxd4
Bd7 9. a4 Be7 10. b3 Rc8 11. Bb2 O-O 12. Nde2 Qc7 13. Qd2 Rfd8 14. Rfd1 Ne5 15.
h3 b5 16. axb5 axb5 17. f4 Ng6 18. Rdc1 b4 19. Nd1 d5 20. Bxf6 Bxf6 21. e5 Be7
22. Kh2 Bc5 23. Ra2 Qb6 24. Rca1 Bb5 25. Nb2 Be3 26. Qd1 Ne7 27. Nd3 Nf5 28.
Qe1 Nd4 29. Nxd4 Bxd4 30. Rd1 Rc3 31. Qe2 Rdc8 32. h4 g6 33. h5 Kg7 34. Qg4 Qd8
35. h6+ Kg8 36. f5 Bxd3 37. fxe6 Bxe5 38. exf7+ Kxf7 39. Rxd3 Rxc2 40. Ra7+
R8c7 41. Rxc7+ Bxc7 42. Rf3+ Kg8 43. Qe6+ Kh8 44. Kh3 Rc3 45. Qf7 Qc8+ 46. Kh2
Bxg3+ 47. Rxg3 Rc7 48. Qf6+ Kg8 49. Bxd5+ 1-0

[Event "I Torneo Internacional Campus de Orense"]
[Site "Ourense"]
[Date "2014.07.08"]
[Round "3"]
[Board "7"]
[White "Padeiro, Jose"]
[Black "Hoffman, Alejandro"]
[Result "1/2-1/2"]
[WhiteElo "2349"]
[BlackElo "2450"]
[PlyCount "53"]
[EventDate "2014.07.07"]
[EventRounds "9"]
[EventCountry "ESP"]

1. e4 e5 2. Nf3 d6 3. Bc4 Be7 4. Nc3 Nf6 5. d3 O-O 6. h3 c6 7. O-O b5 8. Bb3
Nbd7 9. a4 b4 10. Na2 a5 11. c3 Nc5 12. Bc2 Rb8 13. cxb4 axb4 14. b3 Be6 15.
Bd2 Qa5 16. Nc1 Rfe8 17. Ne2 Bf8 18. Ng3 Bd7 19. Kh1 g6 20. Be3 Ne6 21. d4 exd4
22. Nxd4 Bg7 23. Re1 Rbd8 24. f4 Nc5 25. Bf2 h5 26. Qf3 Rc8 27. Red1 1/2-1/2

[Event "I Torneo Internacional Campus de Orense"]
[Site "Ourense"]
[Date "2014.07.08"]
[Round "3"]
[Board "8"]
[White "Strikovic, Aleksa"]
[Black "Rodriguez Boado, Martin"]
[Result "1-0"]
[WhiteElo "2542"]
[BlackElo "2175"]
[PlyCount "68"]
[EventDate "2014.07.07"]
[EventRounds "9"]
[EventCountry "ESP"]

1. c4 e5 2. Nc3 Nf6 3. g3 Be7 4. Bg2 d6 5. Nf3 Bd7 6. d4 exd4 7. Nxd4 Nc6 8.
O-O O-O 9. b3 Nxd4 10. Qxd4 Bc6 11. e4 Nd7 12. Bb2 Bf6 13. Qd2 a5 14. Rad1 Nc5
15. Rfe1 Re8 16. f4 Qd7 17. h3 Qc8 18. Kh2 b6 19. Nd5 Bxb2 20. Qxb2 Bxd5 21.
cxd5 Re7 22. Re3 Qd7 23. a3 Rae8 24. Qd4 f5 25. e5 dxe5 26. fxe5 Ne4 27. e6 Qd6
28. Bxe4 fxe4 29. Rxe4 Qxa3 30. Qd3 h6 31. Rf1 Qd6 32. h4 Rd8 33. Rf5 g6 34.
Rfe5 c6 1-0